El libro salvaje (Record no. 197283)
[ view plain ]
| 000 -CABECERA | |
|---|---|
| campo de control de longitud fija | 00868nam a2200289 u 4500 |
| 003 - IDENTIFICADOR DEL NÚMERO DE CONTROL | |
| campo de control | MX-MxUPN |
| 005 - FECHA Y HORA DE LA ÚLTIMA TRANSACCIÓN | |
| campo de control | 20240815103510.0 |
| 008 - ELEMENTOS DE LONGITUD FIJA--INFORMACIÓN GENERAL | |
| campo de control de longitud fija | 180604s2008 mx a br 000 f spa d |
| 020 ## - NÚMERO INTERNACIONAL NORMALIZADO PARA LIBROS | |
| Número Internacional Estándar del Libro | 9786071600011 |
| 035 ## - NÚMERO DE CONTROL DEL SISTEMA | |
| Número de control de sistema | UPN01000225187 |
| 040 ## - FUENTE DE LA CATALOGACIÓN | |
| Centro catalogador/agencia de origen | MX-MxUPN |
| Lengua de catalogación | spa |
| Centro/agencia transcriptor | MX-MxUPN |
| 041 ## - CÓDIGO DE IDIOMA | |
| Código de lengua del texto/banda sonora o título independiente | spa |
| 050 #4 - SIGNATURA TOPOGRÁFICA DE LA BIBLIOTECA DEL CONGRESO | |
| Número de clasificación | PQ7297 V53 |
| Número de documento/Ítem | L53 2008 |
| 100 1# - ASIENTO PRINCIPAL--NOMBRE PERSONAL | |
| Nombre de persona | Villoro, Juan, |
| Fechas asociadas al nombre | 1956- |
| 9 (RLIN) | 30716 |
| 245 13 - MENCIÓN DE TÍTULO | |
| Título | El libro salvaje |
| 250 ## - MENCIÓN DE EDICIÓN | |
| Mención de edición | Primera edición |
| 260 ## - PUBLICACIÓN, DISTRIBUCIÓN, ETC. | |
| Lugar de publicación, distribución, etc. | México, D.F. : |
| Nombre del editor, distribuidor, etc. | Fondo de Cultura Económica, |
| Fecha de publicación, distribución, etc. | 2008. |
| 300 ## - DESCRIPCIÓN FÍSICA | |
| Extensión | 237 páginas : |
| Otras características físicas | ilustraciones |
| 490 0# - MENCIÓN DE SERIE | |
| Mención de serie | A la orilla del viento ; |
| Designación de volumen o secuencia | 198 |
| 650 #0 - ASIENTO SECUNDARIO DE MATERIA - TERMINO TEMATICO | |
| Término de materia o nombre geográfico como elemento de entrada | Libros y lectura |
| Subdivisión de forma | Novela |
| 9 (RLIN) | 21000 |
| 650 #4 - ASIENTO SECUNDARIO DE MATERIA - TERMINO TEMATICO | |
| Término de materia o nombre geográfico como elemento de entrada | Divorcio |
| Subdivisión de forma | Literatura infantil |
| 9 (RLIN) | 27508 |
| 700 1# - ASIENTO SECUNDARIO--NOMBRE DE PERSONAL | |
| 9 (RLIN) | 52990 |
| Nombre de persona | Martínez Meave, Gabriel |
| Término indicativo de función/relación | ilustrasción |
| 902 ## - ELEMENTOS DE DATOS B LOCAL, LDB (RLIN) | |
| Modificó | MaríaRobles/090824 |
| 905 ## - TIPO DE MATERIAL | |
| Tipo de material | Libro |
| 942 ## - ELEMENTOS DE PUNTO DE ACCESO ADICIONAL (KOHA) | |
| Fuente del sistema de clasificación o colocación | Library of Congress Classification |
| Tipo de ítem Koha | Libro |
| Suprimir en OPAC | No |
| Estado de retiro | Estado de pérdida | Fuente del sistema de clasificación o colocación | Estado dañado | No para préstamo | Código de colección | Localización permanente | Ubicación/localización actual | Ubicación en estantería | Fecha de adquisición | Total de préstamos | Renovaciones totales | Clasificación | Código de barras | Fecha visto por última vez | Fecha del último préstamo | Número de copia | Tipo de ítem Koha |
|---|---|---|---|---|---|---|---|---|---|---|---|---|---|---|---|---|---|
| Library of Congress Classification | Infantil | Bib. Gregorio Torres Quintero | Bib. Gregorio Torres Quintero | Sala infantil Planta baja | 04/05/2022 | 3 | 1 | PQ7297 V5.3 L5.2 2008 | 327894 | 27/03/2025 | 26/02/2025 | Ej. 2 | Libro | ||||
| Library of Congress Classification | Infantil | Bib. Gregorio Torres Quintero | Bib. Gregorio Torres Quintero | Sala infantil Planta baja | 17/06/2024 | 8 | PQ7297 V5.3 L5.2 2008 | 324532 | 14/03/2025 | 28/02/2025 | Libro |
